| 000 | 00689nam a22001937a 4500 | ||
|---|---|---|---|
| 005 | 20150116125920.0 | ||
| 010 | _aBAC-CH25 | ||
| 020 |
_a9789350098158 _c295.00 |
||
| 037 |
_adpl _bTechniz/Ven |
||
| 082 | _aS | ||
| 100 | _aBanerjee, Ruchi | ||
| 245 |
_aInfinitude/ _cby Ruch Banerjee |
||
| 260 |
_aGurgaon _bHachette Book _c2014 |
||
| 270 |
_a4th & 5th Floors, Corporate Centre, Plot No. 94, Sector 44, _bGurgaon _e122001, India |
||
| 300 |
_a218p. _c19cm(pbk) |
||
| 942 |
_2ddc _cCH _mBAN _hS |
||
| 999 |
_c86540 _d86540 |
||